00718cas a22001577a 4500003000400000005001700004008004100021040001400062110002600076245019700102260004400299300002600343650005900369710005700428856007500485OSt20240201181027.0170131s2000 sp |||||o 000 ||spa|d bcatcCDMR aSpain Film Commission10aSostenibilidad de la industria audiovisual [recurs electrònic]c/ Spain Film Commision, REDCAU (Red de Clústers Audiovisuales de España), CENER (Centro Nacional de Energías Renovables) aMadrid :bSpain Film Commission, c2023 a1 PDF (111 pàgines) 0aIndústria audiovisualzEspanyaxPolítica ambiental aRed de Clústers Audiovisuales de España (REDCAU) uhttps://www.calameo.com/read/00738301587352ab1d32azAccés en línia